|
|
|
|
| LEADER |
03339nam a22003973i 4500 |
| 001 |
EBC6983343 |
| 003 |
MiAaPQ |
| 005 |
20231204023224.0 |
| 006 |
m o d | |
| 007 |
cr cnu|||||||| |
| 008 |
231204s2022 xx o ||||0 eng d |
| 020 |
|
|
|a 9781000513998
|q (electronic bk.)
|
| 020 |
|
|
|z 9781032048529
|
| 035 |
|
|
|a (MiAaPQ)EBC6983343
|
| 035 |
|
|
|a (Au-PeEL)EBL6983343
|
| 035 |
|
|
|a (OCoLC)1317331804
|
| 040 |
|
|
|a MiAaPQ
|b eng
|e rda
|e pn
|c MiAaPQ
|d MiAaPQ
|
| 100 |
1 |
|
|a Balcerowicz, Piotr.
|
| 245 |
1 |
0 |
|a Law and conflict Resolution in Kashmir.
|
| 250 |
|
|
|a 1st ed.
|
| 264 |
|
1 |
|a Milton :
|b Taylor & Francis Group,
|c 2022.
|
| 264 |
|
4 |
|c {copy}2022.
|
| 300 |
|
|
|a 1 online resource (263 pages)
|
| 336 |
|
|
|a text
|b txt
|2 rdacontent
|
| 337 |
|
|
|a computer
|b c
|2 rdamedia
|
| 338 |
|
|
|a online resource
|b cr
|2 rdacarrier
|
| 490 |
1 |
|
|a Routledge Studies in South Asian Politics Series
|
| 505 |
0 |
|
|a Cover -- Half Title -- Series Page -- Title Page -- Copyright Page -- Contents -- List of map and tables -- List of abbreviations -- Acknowledgments -- Biographical notes on the authors -- 1. Introduction -- PART I: The legal status of Pakistani-administered Jammu and Kashmir -- 2. The right to self-determination -- 3. Pakistan vis-à-vis Azad Jammu and Kashmir -- 4. Pre-Constitution Azad Jammu and Kashmir vis-à-vis Pakistan -- 5. Azad Jammu and Kashmir vis-à-vis Pakistan: The Constitution -- 6. Pakistan vis-à-vis Gilgit-Baltistan -- 7. New legal tremors in Gilgit-Baltistan -- 8. Pakistan vis-à-vis Chitral -- PART II: The legal status of Indian-administered Jammu and Kashmir -- 9. India vis-à-vis Jammu and Kashmir -- 10. Jammu and Kashmir vis-à-vis India -- 11. The State of Jammu and Kashmir and international ramifications -- 12. The 2019 debacle -- PART III: The prospects for solving the conflict with protectionof human rights in Kashmir -- 13. Introduction: Decoding the Indo-Pakistani conflict -- 14. Theorising resolution and reconciliation with reference to Kashmir dispute -- 14.1. Reconciliation, resolution and human rights -- 14.2. The manifestations of the intractable conflict -- 14.3. The multitrack framework and three-level approach -- 15. Kashmir conflict resolution: Selected proposals and attempts -- 15.1. The international community: supporting the resolution and providing arms -- 15.2. India, Pakistan, Kashmir: selected noteworthy resolution initiatives -- 16. Current security and economic dynamics -- 16.1. Regional security-related factors -- 16.2. Economic and trade-related factors -- 17. Yearning for a resolution: 'new India' and 'new Pakistan'? -- 18. Epilogue -- References -- Index.
|
| 588 |
|
|
|a Description based on publisher supplied metadata and other sources.
|
| 590 |
|
|
|a Electronic reproduction. Ann Arbor, Michigan : ProQuest Ebook Central, 2023. Available via World Wide Web. Access may be limited to ProQuest Ebook Central affiliated libraries.
|
| 655 |
|
4 |
|a Electronic books.
|
| 700 |
1 |
|
|a Kuszewska, Agnieszka.
|
| 776 |
0 |
8 |
|i Print version:
|a Balcerowicz, Piotr
|t Law and conflict Resolution in Kashmir
|d Milton : Taylor & Francis Group,c2022
|z 9781032048529
|
| 797 |
2 |
|
|a ProQuest (Firm)
|
| 830 |
|
0 |
|a Routledge Studies in South Asian Politics Series
|
| 856 |
4 |
0 |
|u https://ebookcentral.proquest.com/lib/matrademy/detail.action?docID=6983343
|z Click to View
|